000 00476nam a2200145Ia 4500
008 231129s1985||||xx |||||||||||||| ||spa||
020 _a84-7232-380-3
040 _bspa
082 _a382.0946 A454e
100 _aAlonso Jose Antonio
245 0 _aLa empresa exportadora Espanola frente a Iberoamerica y la Cee
260 _c1985
264 _aEdiciones Cultura Hispanica del Instituto de Cooperacion Iberoamericana
942 _2ddc
_cBKS
999 _c16949
_d16949